000 00304nam a2200121Ia 4500
005 20251222154343.0
008 251222s9999||||xx |||||||||||||| ||spa||
082 _a519.5/D67
100 _a"Días Mosto, Jorge"
245 0 _aEstadística y otras amenidades mateméticas
250 _a3a.ed.
942 _cLIB
999 _c34589
_d34589